| 000 | 00614nam a2200205Ia 4500 | ||
|---|---|---|---|
| 008 | 220216s9999 xx 000 0 und d | ||
| 100 | _aJayarathnam K. | ||
| 245 | 0 | _aField evaluation of some newer insecticides against bark feeding caterpillar Aetherastis circulata infesting rubber | |
| 260 |
_bIndian Journal of Natural Rubber Research _c1991 |
||
| 300 | _a131-133 | ||
| 650 | _aAetherastis circulata | ||
| 650 | _aFenvalerate | ||
| 650 | _aInsecticide | ||
| 650 | _aMethyl parathion | ||
| 650 | _aPest control | ||
| 650 | _aQuinalphos | ||
| 700 | _aJose V.T. | ||
| 700 | _aNehru C.R. | ||
| 942 | _cBS | ||
| 999 |
_c50175 _d50175 |
||